000 00641nam a2200193Ia 4500
003 GCL
008 140319s9999 xx 000 0 ara d
040 _aGCL /
_cGCL
082 0 4 _a327.9
_bع م
100 1 _aعبدالعزيز سليمان نوار
245 1 0 _aمصر والعراق: دراسة فى تاريخ العلاقات بينهما حتى نشوب الحرب العالمية الاولى /
_cعبدالعزيز سليمان نوار
300 _a310
490 _a100 قصة
_v0
650 0 4 _aمصر
650 0 4 _aالعراق
650 0 4 _aالعلاقات الدولية
650 0 4 _aالتاريخ
942 _2ddc
_cBK
999 _c43710
_d43710